LIBRARY ONLINE CATALOGUE

The coding manual for qualitative researchers / (Record no. 19761)

MARC details
000 -LEADER
fixed length control field 02102cam a2200337 i 4500
001 - CONTROL NUMBER
control field 21604440
003 - CONTROL NUMBER IDENTIFIER
control field OSt
005 - DATE AND TIME OF LATEST TRANSACTION
control field 20221101122147.0
008 - FIXED-LENGTH DATA ELEMENTS--GENERAL INFORMATION
fixed length control field 200709s2021 enk b 001 0 eng
010 ## - LIBRARY OF CONGRESS CONTROL NUMBER
LC control number 2020941916
020 ## - INTERNATIONAL STANDARD BOOK NUMBER
International Standard Book Number 1529731750
040 ## - CATALOGING SOURCE
Original cataloging agency DLC
Language of cataloging eng
Description conventions rda
Transcribing agency DLC
042 ## - AUTHENTICATION CODE
Authentication code pcc
050 00 - LIBRARY OF CONGRESS CALL NUMBER
Classification number H62
Item number .S25 2021
100 1# - MAIN ENTRY--PERSONAL NAME
Personal name Saldaña, Johnny
245 14 - TITLE STATEMENT
Title The coding manual for qualitative researchers /
Statement of responsibility, etc. Johnny Saldaña.
250 ## - EDITION STATEMENT
Edition statement 4th ed.
264 #1 - PRODUCTION, PUBLICATION, DISTRIBUTION, MANUFACTURE, AND COPYRIGHT NOTICE
Place of production, publication, distribution, manufacture Thousand Oaks, California :
Name of producer, publisher, distributor, manufacturer SAGE Publishing Inc.,
Date of production, publication, distribution, manufacture, or copyright notice 2021.
300 ## - PHYSICAL DESCRIPTION
Extent xxii, 414 p ;
Dimensions 25 cm
336 ## - CONTENT TYPE
Content type term text
Content type code txt
Source rdacontent
337 ## - MEDIA TYPE
Media type term unmediated
Media type code n
Source rdamedia
338 ## - CARRIER TYPE
Carrier type term volume
Carrier type code nc
Source rdacarrier
504 ## - BIBLIOGRAPHY, ETC. NOTE
Bibliography, etc Includes bibliographical references (pages 383-401) and index.
520 ## - SUMMARY, ETC.
Summary, etc. "This classic manual provides the comprehensive guide to coding qualitative data. It introduces a broad array of approaches to qualitative coding, presenting the advantages and disadvantages of each to empower you to make an informed decision when choosing the appropriate option for your research project. Drawing on multiple detailed, real-world examples, the book: · Shows the step-by-step processes involved in different coding approaches · Demonstrates clearly how to apply each method of coding in a systematic way · Highlights the core skills involved in making sense of and identifying patterns in your data. This invaluable manual from world-renowned expert Johnny Saldaña illuminates the process of qualitative coding and provides clear, insightful guidance for qualitative researchers at all levels. Johnny Saldaña is Professor Emeritus of Theatre from the Herberger Institute for Design and the Arts' School of Film, Dance, and Theatre at Arizona State University"--
Assigning source Provided by publisher.
650 #0 - SUBJECT ADDED ENTRY--TOPICAL TERM
Topical term or geographic name as entry element Qualitative research.
650 #0 - SUBJECT ADDED ENTRY--TOPICAL TERM
Topical term or geographic name as entry element Qualitative research
General subdivision Data processing.
650 #0 - SUBJECT ADDED ENTRY--TOPICAL TERM
Topical term or geographic name as entry element Social sciences
General subdivision Research.
906 ## - LOCAL DATA ELEMENT F, LDF (RLIN)
a 7
b cbc
c orignew
d 2
e epcn
f 20
g y-gencatlg
942 ## - ADDED ENTRY ELEMENTS (KOHA)
Source of classification or shelving scheme Library of Congress Classification
Koha item type General Collection
Holdings
Withdrawn status Lost status Source of classification or shelving scheme Not for loan Home library Current library Shelving location Date acquired Cost, normal purchase price Total Checkouts Full call number Barcode Date last seen Copy number Price effective from Koha item type Inventory number
    Library of Congress Classification   Kabarak, Main Campus Kabarak, Main Campus General Stacks 01/11/2022 4133.00   H62 .S25 2021 C.1 032659 02/08/2024 C.1 01/11/2022 General Collection  
    Library of Congress Classification   Kabarak, Main Campus Kabarak, Main Campus General Stacks 05/02/2025 5905.00   H62 .S25 2021 C.2 33386 05/02/2025 C.2 05/02/2025 General Collection 2025/2119
    Library of Congress Classification   Kabarak, Main Campus Kabarak, Main Campus General Stacks 05/02/2025 5905.00   H62 .S25 2021 C.3 33385 05/02/2025 C.3 05/02/2025 General Collection 2025/2120